Movie Numbers - Statistics

General Stats
  • This quiz has been taken 28 times
  • The average score is 6 of 10
Answer Stats
Hint Answer % Correct
THIS IS SPARTA!!!!!!!! 300
92%
He sees dead people The Sixth Sense
88%
How many weddings? Oh and 1 funeral Four Weddings and a Funeral
85%
Really deep in the sea. Like really deep 20,000 Leagues Under the Sea
69%
Killing Al-Queda's leader Zero Dark Thirty
62%
Old, old Disney film Snow White and the seven dwarves
50%
98+3 dogs One Hundred and One Dalmatians
46%
Whole lotta ways to die 8 Million Ways to Die
31%
Very similar title to another Bruce Willis Movie The Fifth Element
31%
This title is really funny. Certain number of men who like a certain gender 9 Dead Gay Guys
12%
No matching quizzes found
Score Distribution
Percent of People with Each Score
Percentile by Number Answered
Your Score History
You have not taken this quiz